<?xml version="1.0" encoding="UTF-8"?>
<record
    xmlns:xsi="http://www.w3.org/2001/XMLSchema-instance"
    xsi:schemaLocation="http://www.loc.gov/MARC21/slim http://www.loc.gov/standards/marcxml/schema/MARC21slim.xsd"
    xmlns="http://www.loc.gov/MARC21/slim">

  <leader>00243nam a2200097Ia 4500</leader>
  <controlfield tag="001">800555</controlfield>
  <controlfield tag="005">20250826171021.0</controlfield>
  <controlfield tag="008">250824s9999    xx            000 0 und d</controlfield>
  <datafield tag="245" ind1=" " ind2="0">
    <subfield code="a">CEM&#x130;L MER&#x130;&#xC7;&#x130;N D&#xDC;NYASI </subfield>
    <subfield code="c">MUSTAFA ARMA&#x11E;AN</subfield>
  </datafield>
  <datafield tag="260" ind1=" " ind2=" ">
    <subfield code="b">KETEBE</subfield>
  </datafield>
  <datafield tag="999" ind1=" " ind2=" ">
    <subfield code="c">800555</subfield>
    <subfield code="d">800555</subfield>
  </datafield>
</record>
